THE BIG QUESTION OF LIFE (Record no. 193659)

MARC details
000 -LEADER
fixed length control field 00379nam a22001457a 4500
008 - FIXED-LENGTH DATA ELEMENTS--GENERAL INFORMATION
fixed length control field 221107b ||||| |||| 00| 0 eng d
082 ## - DEWEY DECIMAL CLASSIFICATION NUMBER
Classification number 250-SWA
100 ## - MAIN ENTRY--PERSONAL NAME
Personal name OM,SWAMY
245 ## - TITLE STATEMENT
Title THE BIG QUESTION OF LIFE
Medium ENGLISH
260 ## - PUBLICATION, DISTRIBUTION, ETC. (IMPRINT)
Place of publication, distribution, etc NEW DELH
Name of publisher, distributor, etc A.I.C.B
Date of publication, distribution, etc ROHIN
270 ## - ADDRESS
Address A.I.C.B ,ROHINI NEW DELHI
300 ## - PHYSICAL DESCRIPTION
Extent .
Other physical details .
Dimensions 12X13
490 ## - SERIES STATEMENT
Volume number/sequential designation 1-2
942 ## - ADDED ENTRY ELEMENTS (KOHA)
Source of classification or shelving scheme Dewey Decimal Classification
Item type Braille-Books-English
Call number prefix 250
Call number suffix SWA
Holdings
Withdrawn status Lost status Not for loan Home library Current library Date acquired Source of acquisition Cost, normal purchase price Full call number Barcode Koha item type
      Braille-Library Braille-Library 07/11/2022 Braille library 10.00 250-SWA BR-003799 Braille-Books-English
      Braille-Library Braille-Library 07/11/2022 Braille library 10.00 250-SWA BR-003800 Braille-Books-English

© Delhi Public Library
Hit Counter
free hit counter